Yield stimulation (Record no. 52934)

MARC details
000 -LEADER
fixed length control field 00499nam a2200145Ia 4500
100 ## - MAIN ENTRY--AUTHOR NAME
Personal name Sulochanamma S.
245 #0 - TITLE STATEMENT
Title Yield stimulation
260 ## - PUBLICATION, DISTRIBUTION, ETC. (IMPRINT)
Name of publisher In: Natural rubber: Agromanagement and crop processing. (Eds. P.J. George and C. Kuruvilla Jacob). Rubber Research Institute of India, Kottayam, India, pp. 239-248.
Year of publication 2000
650 ## - SUBJECT ADDED ENTRY--TOPICAL TERM
Topical Term Ethephon
650 ## - SUBJECT ADDED ENTRY--TOPICAL TERM
Topical Term Low frequency tapping
650 ## - SUBJECT ADDED ENTRY--TOPICAL TERM
Topical Term Stimulation
700 ## - ADDED ENTRY--PERSONAL NAME
Personal name Thomas K.U.
942 ## - ADDED ENTRY ELEMENTS (KOHA)
Koha item type Bibliography STAF
Holdings
Withdrawn status Lost status Damaged status Not for loan Home library Current library Date acquired Koha item type
      Bibliography RRII Library RRII Library 09/04/2014 Bibliography STAF